| 000 | 01092nam a22003377a 4500 | ||
|---|---|---|---|
| 003 | CHAP | ||
| 005 | 20220329141151.0 | ||
| 008 | 971010s1974 r 00010 d | ||
| 010 | _a63752 | ||
| 011 | _a64724 | ||
| 035 | _a70818 | ||
| 040 | _cCHAP | ||
| 082 |
_a636.2 _bS2 |
||
| 100 | 0 | 0 |
_aSchmidt, Glen Henry. _9103051 |
| 245 | _aPrinciples of dairy science | ||
| 260 |
_aSan Francisco : _bFreeman, _c1974 |
||
| 300 | _a558 p | ||
| 490 | _aAgricultural science animal science | ||
| 590 |
_aBATCH-UPD _b10 _c20130110 _lUCH01 _h0708 |
||
| 590 |
_aCONVERSION _b10 _c20130109 _lUCH01 _h1334 |
||
| 650 | 1 | 4 |
_aGanado lechero. _945237 |
| 650 | 1 | 4 |
_aLeche. _965357 |
| 700 | 0 |
_aVan Vleck, Lloyd Dale. _9117819 |
|
| 830 | 0 |
_aAgricultural science animal science _92114 |
|
| 901 | _aBK | ||
| 942 | _cLIBRO | ||
| 949 |
_a636.2 S2 _bBC _cLIBRO _d33724000097804 _eLIBRO _fc.2 _h56450 _i70818 _si |
||
| 949 |
_a636.2 S2 _bBC _cLIBRO _d33724000605739 _eLIBRO _h56449 _i70818 _si |
||
| 949 |
_a636.2 S2 _bZA _cLIBRO _d-3397 _eLIBRO _h5443 _i70818 _si |
||
| 949 |
_a637.1 S2 1988 _bZ _cLIBRO _d-1232 _eLIBRO _h847 _i70818 _si |
||
| 999 |
_c63752 _d63752 |
||